000
00398nam a2200145Ia 4500
008
100122s9999 xx 000 0 und d
082
_b
28358
_a
823
100
_a
वर्टी अ वा
245
_a
पतिव्रता
260
_b
सरस साहित्य
_c
1979
300
_a
148
630
_a
पतिव्रता
730
_a
पतिव्रता
942
_c
BOOK
999
_c
414035
_d
414032